书目信息 |
| 题名: |
原子结构的量子理论
|
|
| 作者: | 斯莱特 , Slater 著 ;杨朝潢 , 宋汝安 译 | |
| 分册: | 第二卷 | |
| 出版信息: | 上海 上海科学技术出版社 1983.06 |
|
| 页数: | 308页 | |
| 开本: | 26cm | |
| 丛书名: | ||
| 单 册: | ||
| 中图分类: | O562.1 | |
| 科图分类: | ||
| 主题词: | 原子结构-量子论 , 量子论-原子结构 | |
| 电子资源: | ||
| ISBN: | ||
| 000 | 00900nam0 2200301 45 | |
| 001 | 0181005020 | |
| 005 | 20040629164717.8 | |
| 010 | @dCNY2.25 | |
| 091 | @a13119.1044 | |
| 100 | @a19950724d1983 emky0chiy0121 ea | |
| 101 | 1 | @achi@ceng |
| 102 | @aCN@b310000 | |
| 105 | @ay z 000yy | |
| 106 | @ar | |
| 200 | 10 | @a原子结构的量子理论@h第二卷@Ayuan zi jie gou de liang zi li lun@f(美)斯莱特(J.C.Slater)著@g宋汝安译 |
| 210 | @a上海@c上海科学技术出版社@d1983.06 | |
| 215 | @a308页@d26cm | |
| 300 | @a书名原文:Quantum theory of atomic structure | |
| 606 | @a原子结构-量子论 | |
| 606 | @a量子论-原子结构 | |
| 690 | @aO562.1@v3 | |
| 701 | 1 | @a斯莱特@Asi lai te@bJ.C.@4著 |
| 701 | A1 | @aSlater@bJ.C.@4著 |
| 702 | 0 | @a杨朝潢@Ayang chao huang@4译 |
| 702 | 0 | @a宋汝安@ASong Ru An@4译 |
| 801 | 0 | @aCN@b上海图书馆@c20040517 |
| 801 | 2 | @aCN@bNLC@c20040517 |
| 905 | @dO562.1@e16:2@f1@b102899 | |
| 原子结构的量子理论.第二卷/(美)斯莱特(J.C.Slater)著/宋汝安译.-上海:上海科学技术出版社,1983.06 |
| 308页;26cm |
| 书名原文:Quantum theory of atomic structure |
| ISBN :CNY2.25 |
| ● |
| 相关链接 |
|
|
|
|
正题名:原子结构的量子理论
索取号:O562.1/16:2
 
预约/预借
| 序号 | 登录号 | 条形码 | 馆藏地/架位号 | 状态 | 备注 |
| 1 | 0102898 | 001451084 | 第三借阅区/ [索取号:O562.1/16:2] | 在馆 | |
| 2 | 0102899 | 001935160 | 第三借阅区/ [索取号:O562.1/16:2] | 在馆 | |
| 3 | 0102900 | 001451119 | 第二样本阅览室/ [索取号:O562.1/16:2] | 在馆 |